| 000 | 01086cam a2200277 a 4500 | ||
|---|---|---|---|
| 001 | 000017981 | ||
| 005 | 20200929165313.0 | ||
| 008 | 970807s1996 bl ab b 000 0 por | ||
| 020 | _a8585981032 | ||
| 040 |
_aDO-SdBNP _bspa _cBNPHU |
||
| 082 |
_axxxx _bxxxx |
||
| 245 | 0 | 0 |
_aBrasil aventura : _bilhas = islands / _ccoordenacao, Ana Augusta Rocha, Roberto Linsker ; [fotografia, Roberto Linsker ... [et al.]. |
| 260 |
_aSao Paulo, Brasil : _bTerra Virgem Editora, _c1996. |
||
| 300 |
_a175 p. : _bil., maps ; _c29 cm. |
||
| 546 | _aPortuguese and English. | ||
| 500 | _aAccompanied by: Brasil aventura : ilhas = islands : guia = guide. | ||
| 504 | _aIncludes bibliographical references (p. 174). | ||
| 650 | 4 |
_aIslands _zBrazil. _938978 |
|
| 650 | 4 |
_aIslands _zBrazil _xPictorial works. _938979 |
|
| 651 | 4 |
_aBrazil _zPictorial Works. _938980 |
|
| 651 | 4 |
_aBrazil _xDescription And Travel. _938981 |
|
| 650 | 4 |
_aIslands _zBrazil _xGuidebooks. _938982 |
|
| 651 | 4 |
_aBrazil _xGuidebooks. _938983 |
|
| 700 | 1 |
_aRocha, Ana Augusta, _d1961- _938984 |
|
| 700 | 1 |
_aLinsker, Roberto, _d1964- _938985 |
|
| 999 |
_c17503 _d17503 |
||